Channel Tunnel and regional development: policy responses in Britain and France (Record no. 27206)

MARC details
000 -LEADER
fixed length control field 00850cab a2200205 4500
001 - CONTROL NUMBER
control field ABS43593
008 - FIXED-LENGTH DATA ELEMENTS--GENERAL INFORMATION
fixed length control field 090401t1990 xxu||||| |||| 00| 0 eng d
035 ## - SYSTEM CONTROL NUMBER
System control number (Sirsi) u42474
041 ## - LANGUAGE CODE
Language code of text/sound track or separate title eng
100 ## - MAIN ENTRY--PERSONAL NAME
Personal name Holliday, I.
245 ## - TITLE STATEMENT
Title Channel Tunnel and regional development: policy responses in Britain and France
260 ## - PUBLICATION, DISTRIBUTION, ETC.
Date of publication, distribution, etc. 1990
350 ## - PRICE (NR) (BK AM CF MU VM SE) [OBSOLETE]
Price 0
490 ## - SERIES STATEMENT
Series statement Regional Studies
Volume/sequential designation 24(5) October 1990, 455-466(12)
520 ## - SUMMARY, ETC.
Summary, etc. Examines the regional effects of the Channel Tunnel in England and France . Analyses the policy responses in both countries to evaluate their regional development implications and assesses the ability of political and administrative systems to handle a project of this magnitude. Extensive bibliography.
690 ## - LOCAL SUBJECT ADDED ENTRY--TOPICAL TERM (OCLC, RLIN)
Topical term or geographic name as entry element TRANSPORT AND COMMUNICATIONS
700 ## - ADDED ENTRY--PERSONAL NAME
Personal name Vickerman, R.
942 ## - ADDED ENTRY ELEMENTS (KOHA)
Suppress in OPAC 0
948 ## - LOCAL PROCESSING INFORMATION (OCLC); SERIES PART DESIGNATOR (RLIN)
c (OCLC) 04/03/1997
Holdings
Withdrawn status Lost status Source of classification or shelving scheme Damaged status Not for loan Home library Current library Shelving location Date acquired Total Checkouts Full call number Barcode Date last seen Copy number Price effective from Koha item type
    Dewey Decimal Classification     London London Journal article 14/09/1999   ABS43593 42474-1001 06/08/2019 1 06/08/2019 Journal article